000 00667nam a2200241Ia 4500
003 OSt
005 20220928113013.0
006 a|||||r|||| 00| 0
007 ta
008 220927b |||||||| |||| 00| 0 eng d
024 _a116102
037 _cTextual
040 _aSDCL
_cSDCL
_beng
041 _2eng
_aeng
082 _aO-,4L31x, M1.2
100 _aJames King Ed.
_9431197
245 0 _aLetters and prose writings of William Cowper.V2
260 _c1981
300 _aV2(xxviii,652)p
_ccm.
700 _a Ryskamp Charles Ed.
_9431198
942 _hO-,4L31x, M1.2
_cTEXL
_2CC
999 _c747580
_d747580